| 000 | 00419nam a2200157Ia 4500 | ||
|---|---|---|---|
| 008 | 230524s9999 xx 000 0 und d | ||
| 082 |
_a658 _bTON |
||
| 100 |
_aA.K.Tandon _9230 |
||
| 245 | 2 | _aA Course in Control Engineering | |
| 260 |
_aNEW DELHI _bDhanpat Rai _c2001 |
||
| 300 | _aVIII;822+VIII | ||
| 500 | _aQuantity Number: 1 | ||
| 650 | _aElectrical | ||
| 700 |
_a" Dr. A.Subbarao , R.Dessai,,," _9231 |
||
| 942 | _cBK | ||
| 999 |
_c141 _d141 |
||